00487nam a2200181 4500010001500000020002600015035001400041037000900055082001500064100003000079245004900109250000600158260004100164270005300205300002000258700001400278700001300292 aENG-147634 a9789370604261c625.00 aEN-131166 bDBAD a320.954b1 aDubey Sanjay,Dubey Apurva aIndian Polity/bby Sanjay Dubey,Apurva Dubey a1 bWiley India pvt.Ltdc2025aNew Delhi a4436/7,Ansari Road, DaryaganjbNew Delhie110002 ap.848c24cm(pb) aGeethu Vb aAmruth m